| 000 | 00349nam a22001337a 4500 | ||
|---|---|---|---|
| 008 | 181005b xxu||||| |||| 00| 0 eng d | ||
| 020 | _a9780838581605 | ||
| 041 | _aeng | ||
| 080 |
_23 ED _a616 |
||
| 100 | _a9 | ||
| 101 | _aPAT | ||
| 245 |
_aPathophysiology Of Disease An Introduction Of To Clinical Medicine _cMcphee.S.J |
||
| 942 |
_2udc _cBK |
||
| 999 |
_c48900 _d48900 |
||